Research in rural sociology and development

Αποθηκεύτηκε σε:
Λεπτομέρειες βιβλιογραφικής εγγραφής
Άλλοι συγγραφείς: Lyson, Thomas A. (Επιμελητής έκδοσης), Schwarzweller, Harry K. (Επιμελητής έκδοσης), Clay, Daniel C. (Επιμελητής έκδοσης)
Μορφή: Βιβλίο
Γλώσσα:English
Δημοσίευση: Greenwich, Connecticut : JAI Press Inc., 1987-1995
Θέματα:
Ετικέτες: Προσθήκη ετικέτας
Δεν υπάρχουν, Καταχωρήστε ετικέτα πρώτοι!

MARC

LEADER 00000nam a2200000 i 4500
001 1/5123
008 000602m19871995 eng d
020 |a 0-89232-586-0 (v.3) 
020 |a 1-55938-058-6 (v.5) 
020 |a 1-55938-458-1 (v.6) 
035 |l 10061473 
040 |a GR-MY-UA  |b gre  |e aacr 
041 0 |a eng 
082 0 |a 307.7205 
245 1 0 |a Research in rural sociology and development /  |c editors, Daniel C. Clay, Harry K. Schwarzweller, Thomas A. Lyson 
260 |a Greenwich, Connecticut :   |b JAI Press Inc.,   |c 1987-1995 
300 |a 3 v. 
505 0 |a Household strategiesThird world contextsSustaining agriculture and rural communities 
650 0 0 |a Sociology, Rural  |x Periodicals. 
650 0 0 |a Rural conditions  |x Periodicals. 
650 0 0 |a Rural development  |x Periodicals. 
700 1 |a Lyson, Thomas A.  |4 edt 
700 1 |a Schwarzweller, Harry K.  |4 edt 
700 1 |a Clay, Daniel C.  |4 edt 
740 0 2 |a Household strategies 
740 0 2 |a Third world contexts 
740 0 2 |a Sustaining agriculture and rural communities 
852 |a INST  |b LESVOS  |e 20000602  |h 307.7205 RES  |p 005100028730  |q 005100028730  |t BK  |y 0  |z v.3 
852 |a INST  |b LESVOS  |e 20000621  |h 307.7205 RES  |p 005100028731  |q 005100028731  |t BK  |y 0  |z v.5 
852 |a INST  |b LESVOS  |e 20010808  |h 307.7205 RES  |p 005100028732  |q 005100028732  |t BK  |y 0  |z v.6 
852 |a INST  |b LESVOS  |e 20000602  |h 307.7205 RES  |p 005100028730  |q 005100028730  |t BK  |v v.3:  |y 0  |z v.3 
852 |a INST  |b LESVOS  |e 20000621  |h 307.7205 RES  |p 005100028731  |q 005100028731  |t BK  |v v.5:  |y 0  |z v.5 
852 |a INST  |b LESVOS  |e 20010808  |h 307.7205 RES  |p 005100028732  |q 005100028732  |t BK  |v v.6:  |y 0  |z v.6 
853 |a INST  |b LESVOS  |h 307.7205 RES 
901 |a BIBL1-2001-2 
909 |a Λ  |b 080103 
909 |a Λ  |b 077312 
909 |a Λ  |b 088125 
922 |a 1ΕΛΗ  |b 200005  |c ΚΠΣ/ΤΓ  |d LEADER 
950 |a 118-1999-09-20 
950 |a 103-1999-12-8 
970 |a ΤΖΑΦΕΡΗ  |b ΕΥΑΓΓΕΛΙΑ  |z 2001/09/24